| 000 | 00443nam a2200181Ia 4500 | ||
|---|---|---|---|
| 005 | 20240823042645.0 | ||
| 008 | 240823s9999||||xx |||||||||||||| ||und|| | ||
| 041 | _aENGLISH | ||
| 082 | _A380.1 P6 | ||
| 100 | _aTamil Nadu Open University | ||
| 245 | 0 | _aServices Marketing | |
| 250 | _a1st | ||
| 260 |
_c2006 _bTamil Nadu Open Unive |
||
| 500 | _aTRANSFERED | ||
| 650 |
_aManagement _bManagement Studies |
||
| 942 | _cBK | ||
| 999 |
_c208388 _d208388 |
||